Biggest Countries OR Cities - North America Top 25 - Statistics

General Stats
  • This quiz has been taken 62 times
  • The average score is 22 of 25
Answer Stats
Population Country or City % Correct
17,700,000 Los Angeles
100%
127,792,286 Mexico
100%
23,000,000 Mexico City
100%
22,100,000 New York
100%
330,448,510 United States
100%
38,202,506 Canada
98%
9,750,000 Chicago
97%
6,750,000 Houston
95%
11,193,470 Cuba
92%
7,200,000 Dallas
92%
16,858,333 Guatemala
90%
7,850,000 San Francisco
90%
7,750,000 Boston
88%
6,400,000 Miami
88%
7,450,000 Toronto
88%
9,304,380 Honduras
86%
7,350,000 Philadelphia
86%
11,743,017 Haiti
85%
6,527,691 Nicaragua
85%
8,550,000 Washington
83%
10,448,499 Dominican Republic
80%
6,765,753 El Salvador
73%
5,850,000 Atlanta
71%
5,350,000 Guadalajara
71%
5,750,000 Detroit
66%
No matching quizzes found
Score Distribution
Percent of People with Each Score
Percentile by Number Answered
Your Score History
You have not taken this quiz